LEADER 01287nas 2200409 c 450 001 9910893890203321 005 20260218111158.0 035 $a(CKB)5280000000200529 035 $a(DE-101)1062555082 035 $a(DE-599)ZDB2800812-1 035 $a(DE-599)2800812-1 035 $a(EXLCZ)995280000000200529 100 $a20141125b19281953 |y | 101 0 $ager 135 $aur||||||||||| 181 $ctxt$2rdacontent 182 $cc$2rdamedia 183 $acr$2rdacarrier 200 00$aAmtliches Fernsprechbuch für Berlin$h[...]$iBranchen-Fernsprechbuch$fhrsg. von d. Senatsverwaltung für Post- und Fernmeldewesen 210 31$aBerlin-Scho?neberg$d1928-1953 215 $aOnline-Ressource 517 1 $aAmtliches Fernsprechbuch fu?r Berlin / Branchen-Fernsprechbuch 607 $aBerlin$2gnd 607 $aBerlin$gWest$2gnd 608 $aZeitschrift$2gnd-content 608 $aVerzeichnis$2gnd-content 608 $aTelefonbuch$2gnd-content 608 $aTelefonbuch$2gnd 676 $a920 712 02$aBerlin$bSenatsverwaltung fu?r Post- und Fernmeldewesen$4isb 801 0$b0109 801 1$bDE-101 801 2$b9001 906 $aJOURNAL 912 $a9910893890203321 996 $aAmtliches Fernsprechbuch fu?r Berlin$94231912 997 $aUNINA